| 000 | 00695nam a2200265Ia 4500 | ||
|---|---|---|---|
| 005 | 20251020182457.0 | ||
| 008 | 200515s9999 xx 000 0 und d | ||
| 082 | _a624.072.6/G21 | ||
| 100 | _aCarrillo P., Dina | ||
| 100 | _aCasabonne R., Carlos | ||
| 100 | _aGallegos V., Héctor | ||
| 100 | _aLainez-Lozada, Pedro | ||
| 100 | _aZegarra C., Luis | ||
| 245 | 0 | _aConcreto Pre-esforzado | |
| 260 | _aLima | ||
| 260 | _bAmerican Concrete Institute ; Colegio de Ingenieros del Perú | ||
| 260 | _c1997 | ||
| 300 | _ap. irregular | ||
| 300 | _bil., tbl., graf. | ||
| 500 | _a1 ejemplar | ||
| 650 | _aCONCRETO | ||
| 650 | _aCONCRETO PRESFORZADO | ||
| 942 | _cLIB | ||
| 999 |
_c1037 _d1037 |
||